000 00299 a2200121 4500
001 146829
040 _cEscola São Tomás de Aquino
100 _aSHIKO
240 1 0 _aO quinze
_lpor
245 1 0 _aO quinze
697 _aCaricaturas, desenho animado, cômico, fotonovelas / Quadrinhos
942 _cBK
999 _c146829
_d146829